Un posto per noi : atti e misfatti della prima settimana lesbica : Bologna, 1-5 maggio 1991 /
Saved in:
| Institution som forfatter: | |
|---|---|
| Format: | Bog |
| Sprog: | italiensk |
| Udgivet: |
[S.l. :
Coordinamento Nazionale per la Settimana Lesbica],
1992
|
| Tags: |
Ingen Tags, Vær først til at tagge denne postø!
|
MARC
| LEADER | 00000nam a22000007i 4500 | ||
|---|---|---|---|
| 001 | IT\ICCU\UBO\3654466 | ||
| 003 | ItRI | ||
| 005 | 20260115232442.0 | ||
| 008 | 090622s1992 it |||||| ||||| |||||c | ||
| 040 | |b ita |c importazione bologna sebina | ||
| 041 | 7 | |a ita |2 ISO-639-2 | |
| 130 | 2 | |a A place for us |3 IT\ICCU\RL1\0074533 | |
| 245 | 0 | 3 | |a Un posto per noi : |b atti e misfatti della prima settimana lesbica : Bologna, 1-5 maggio 1991 / |c Coordinamento Nazionale per la Settimana Lesbica. |
| 260 | |a [S.l. : |b Coordinamento Nazionale per la Settimana Lesbica], |c 1992 | ||
| 300 | |a 98 p. : |b ill. ; |c 28 cm. | ||
| 710 | 2 | |a Coordinamento Nazionale per la Settimana Lesbica |0 IT\ICCU\UBOV\344690 | |
| 942 | |2 ddc |c BK |n 0 | ||
| 952 | |0 0 |1 0 |4 0 |6 L_306_766000000000000_COO |7 0 |9 26009 |a BO |b BO |d 2026-01-15 |i 6064 |l 0 |o L 306.766 COO |p BO6064 |r 2026-01-15 23:24:42 |w 2026-01-15 |x [Sebina 7] [1 v.] |y BK |z 1 v. | ||
| 999 | |c 22031 |d 22031 | ||